<A> Journey through Economic Time <A> Firsthand View

Salvato in:
Dettagli Bibliografici
Autore principale: Galbraith, John Kenneth
Natura: Libro
Lingua:inglese
Pubblicazione: Boston Houghton Mifflin Co. 1994
Edizione:1. ed.
Soggetti:
Tags: Aggiungi Tag
Nessun Tag, puoi essere il primo ad aggiungerne!!

MARC

LEADER 00000nam a2200000 4500
001 c018985
005 20221205140711.9
020 |a 0-395-63751-1 
041 0 |a eng 
044 |a US 
245 1 0 |a <A> Journey through Economic Time  |b <A> Firsthand View  |c John Kenneth Galbraith 
250 |a 1. ed. 
264 1 |a Boston  |b Houghton Mifflin Co.  |c 1994 
300 |a 255 s. 
610 2 0 |a ekonómia 
610 2 0 |a hospodárstvo kapitalistické 
610 2 0 |a hospodárstvo socialistické 
610 2 0 |a hospodárstvo svetové 
610 2 0 |a história 
610 2 0 |a teórie ekonomické 
610 2 0 |a politika hospodárska medzinárodná 
610 2 0 |a politika medzinárodná 
610 2 0 |a politika svetová 
610 2 0 |a vývoj hospodársky 
610 2 0 |a kríza 
610 2 0 |a konjunktúra 
610 2 0 |a úpadok hospodársky 
610 2 0 |a stabilizácia hospodárstva 
100 1 |a Galbraith, John Kenneth